American society a sociological interpretation

Zapisane w:
Opis bibliograficzny
1. autor: Williams, Robin M (Autor)
Format: Książka
Język:angielski
Wydane: Nueva York Alfred A. Knopf 1960
Wydanie:2a. ed
Hasła przedmiotowe:
Etykiety: Dodaj etykietę
Nie ma etykietki, Dołącz pierwszą etykiete!

MARC

LEADER 00000nam a2200000 a 4500
001 UCR3101
003 CL-VaPUC
008 980123e19600000US |||||||||||||||||eng|d
082 0 4 |a 301  |b WIL  |2 21 
100 0 |a Williams, Robin M  |e author  |9 401919 
245 1 0 |a American society a sociological interpretation 
250 |a 2a. ed 
300 |a 575 p 
942 |c BK 
945 |d 19980123 00:00:00  |a rleighto 
260 |a Nueva York  |b Alfred A. Knopf  |c 1960 
650 0 |a Sociología   |9 255410 
650 0 |a Geografía  |9 259346 
650 7 |a RECURSOS  |2 CL-VaPUC  |9 338276 
650 0 |a Población  |9 257577 
650 0 |a Estratificación social  |9 337692 
650 0 |a Economía   |9 255568 
650 0 |a Política  |9 255312 
650 0 |a Religión   |9 255164 
650 0 |a Organización social  |9 357570 
650 0 |a Integración social  |9 319662 
651 0 |a Estados Unidos  |9 255178 
583 |a last modification  |c 19980123 00:00:00  |k Rodrigo Vera 
999 |c 266207  |d 266205 
952 |0 0  |1 0  |4 0  |6 301_000000000000000_WIL_1960  |7 0  |8 P  |9 297610  |a BIBGIM  |b BIBGIM  |d 2019-11-20  |i 3374297  |o 301 WIL 1960  |p 3374297  |r 2025-01-15  |w 2019-11-20  |y BK  |k GIM